000 03962cam a22003858i 4500
001 22355978
003 OSt
005 20230916110215.0
008 211220s2022 nyu b 001 0 eng
010 _a 2021061830
020 _a9781032017105
_q(hardback)
020 _a9781032017082
_q(paperback)
020 _z9781003179733
_q(ebook)
040 _aDLC
_beng
_erda
_cDLC
042 _apcc
050 0 0 _aGV711
_b.P73 2022
082 0 0 _a796.077
_bNAS/P
245 0 0 _aPractical sports coaching /
_cedited by Christine Nash.
250 _aSecond edition.
263 _a2204
264 1 _aNew York, NY :
_bRoutledge,
_c2022.
300 _a255 pages
336 _atext
_btxt
_2rdacontent
337 _aunmediated
_bn
_2rdamedia
338 _avolume
_bnc
_2rdacarrier
504 _aIncludes bibliographical references and index.
505 0 _aThe role of the coach / Kristen Dieffenbach and Melissa Thompson -- Planning your coaching : a focus on youth participant development / Andy Abraham, Sergio Lorenzo Jimenez Saiz, Steve Mckeown, Gareth Morgan, Bob Muir, Julian North, and Kevin Till -- The importance of a coaching philosophy / John Widdowson and John Sproule -- The coaching professional / Christine Nash -- The talent development curriculum / Jamie Taylor and Dave Collins -- The art and science of refinement : modifying, polishing and tweaking learnt skills / Howie J. Carson and Dave Collins -- Team coordination and decision making / Alan MacPherson and Chris Duncan -- The competition environment / Dave Collins and John Kiely -- Coach learning and development / Christine Nash -- Interpersonal knowledge of coaching / Koon Teck Koh and Li Quan Warrick Tan -- Coach mental health and well-being / Sebastian Altfeld, Michael Kellmann, and Jürgen Beckmann -- Moving beyond competence / Christine Nash -- Communities of practice and social learning spaces for sport coach learning : what and how / Diane M. Culver and Tiago Duarte -- Big data in sport / Jill Clark and Christine Nash -- Performance analysis for coaches / Christopher Carling & Naomi Datson -- Putting it all together : expertise in coaching / Christine Nash.
520 _a"Practical Sports Coaching is a thorough and engaging guide for all sports coaching students and practitioners. Drawing on real-life case studies and examples, the book is designed to develop practical coaching skills and provides readers with the methods and tools they need to become an expert coach. Structured around all facets of the coaching process, the text comprehensively covers topics such as: Preparing to Coach, the Role and Philosophy of Coaching, Coaching Environments and the use of Modern Technology in Coaching. This new and fully updated edition includes several new chapters that examine new and critical research areas such as the Coaching Professional, Coach Wellness & Mental Health and Performance Analysis for Coaches. The book's practical approach allows the reader to consider common challenges faced by coaches, suggesting solutions to performance concerns and preparing students for the realities of professional sports coaching. The contributors draw upon their practical coaching experience as well as an understanding of coach learning and development. Practical Sports Coaching helps to bridge the gap between theory and practical coaching skills, and is an essential text for coaching students looking to deepen their understanding of sports coaching and experienced coaches developing their own practical skills"--
_cProvided by publisher.
650 0 _aCoaching (Athletics)
700 1 _aNash, Christine,
_eeditor.
776 0 8 _iOnline version:
_tPractical sports coaching
_bSecond edition.
_dNew York, NY : Routledge, 2022
_z9781003179733
_w(DLC) 2021061831
906 _a7
_bcbc
_corignew
_d1
_eecip
_f20
_gy-gencatlg
942 _2ddc
_cBK
_h796.077
_iNAS/P
_k796.077
_mNAS/P
999 _c42456
_d42456